<?xml version="1.0" encoding="UTF-8"?>
<record
    xmlns:xsi="http://www.w3.org/2001/XMLSchema-instance"
    xsi:schemaLocation="http://www.loc.gov/MARC21/slim http://www.loc.gov/standards/marcxml/schema/MARC21slim.xsd"
    xmlns="http://www.loc.gov/MARC21/slim">

  <leader>00797nam a22002531a 4500</leader>
  <controlfield tag="001">32756</controlfield>
  <controlfield tag="003">AR-RoBPED</controlfield>
  <controlfield tag="005">20260514101727.0</controlfield>
  <controlfield tag="007">ta</controlfield>
  <controlfield tag="008">260513s1992    ag a|||brf||||||1 ||spa  </controlfield>
  <datafield tag="020" ind1=" " ind2=" ">
    <subfield code="a">950461820</subfield>
  </datafield>
  <datafield tag="040" ind1=" " ind2=" ">
    <subfield code="a">AR-BaBN</subfield>
    <subfield code="e">aacr</subfield>
    <subfield code="d">AR-RoBPED</subfield>
  </datafield>
  <datafield tag="041" ind1=" " ind2=" ">
    <subfield code="a">spa</subfield>
  </datafield>
  <datafield tag="100" ind1="1" ind2=" ">
    <subfield code="a">Basch, Adela</subfield>
    <subfield code="d">1946-</subfield>
    <subfield code="e">autora</subfield>
    <subfield code="4">aut</subfield>
    <subfield code="9">17393</subfield>
  </datafield>
  <datafield tag="245" ind1="1" ind2="0">
    <subfield code="a">Lectura 6 : </subfield>
    <subfield code="b">Lectores en su tinta /</subfield>
    <subfield code="c">Adela Basch, Beatriz Fern&#xE1;ndez de Reboursin.</subfield>
  </datafield>
  <datafield tag="260" ind1=" " ind2=" ">
    <subfield code="a">Buenos Aires :</subfield>
    <subfield code="b">Santillana,</subfield>
    <subfield code="c">1992.</subfield>
  </datafield>
  <datafield tag="300" ind1=" " ind2=" ">
    <subfield code="a">216 p.</subfield>
  </datafield>
  <datafield tag="650" ind1=" " ind2="4">
    <subfield code="a">ARCHIVO INFANTIL</subfield>
    <subfield code="9">24464</subfield>
  </datafield>
  <datafield tag="650" ind1=" " ind2="4">
    <subfield code="a">LIBROS DE LECTURA</subfield>
    <subfield code="9">15325</subfield>
  </datafield>
  <datafield tag="650" ind1=" " ind2="4">
    <subfield code="a">SEXTO GRADO</subfield>
    <subfield code="9">1465</subfield>
  </datafield>
  <datafield tag="700" ind1="1" ind2=" ">
    <subfield code="a">Fern&#xE1;ndez de Reboursin, Beatriz</subfield>
    <subfield code="9">5674</subfield>
  </datafield>
  <datafield tag="942" ind1=" " ind2=" ">
    <subfield code="2">udc</subfield>
    <subfield code="a">K. 32756</subfield>
    <subfield code="c">BK</subfield>
    <subfield code="h">372.4</subfield>
    <subfield code="k">IA</subfield>
    <subfield code="m">B  24</subfield>
    <subfield code="p">Inv. 42442</subfield>
  </datafield>
  <datafield tag="945" ind1=" " ind2=" ">
    <subfield code="a">nn 13/05/2026 - 14/05/2026</subfield>
  </datafield>
  <datafield tag="952" ind1=" " ind2=" ">
    <subfield code="0">0</subfield>
    <subfield code="1">0</subfield>
    <subfield code="2">udc</subfield>
    <subfield code="4">0</subfield>
    <subfield code="7">1</subfield>
    <subfield code="a">BPED</subfield>
    <subfield code="b">BPED</subfield>
    <subfield code="d">2026-05-12</subfield>
    <subfield code="e">donaci&#xF3;n</subfield>
    <subfield code="l">0</subfield>
    <subfield code="o">IA 372.4 B 24</subfield>
    <subfield code="p">42442</subfield>
    <subfield code="r">2026-05-13 11:28:42</subfield>
    <subfield code="w">2026-05-13</subfield>
    <subfield code="x">nn 13/05/2026</subfield>
    <subfield code="y">BK</subfield>
    <subfield code="z">No se presta</subfield>
  </datafield>
  <datafield tag="999" ind1=" " ind2=" ">
    <subfield code="c">32756</subfield>
    <subfield code="d">32756</subfield>
  </datafield>
</record>
